000 00586nam a2200229Ia 4500
003 OSt
005 20221005122802.0
006 a|||||r|||| 00| 0
007 ta
008 221004b |||||||| |||| 00| 0 kan d
024 _a59658
037 _cTextual
040 _aCRL
_cCRL
_bkan
041 _2kan
_akan
082 _aO33,1x(Y:351), L6
100 _aLingaiah D Ed.
_9632596
245 0 _aKarnataka janapada kavyagalu
260 _c1976
650 _aKANNAD POETRY
942 _hO33,1x(Y:351), L6
_cTEXL
_2cc
999 _c1045357
_d1045357